000 00382 a2200157 4500
003 NUST
005 20230120183318.0
040 _cNust
082 _a750,CAM
100 _aCammaerts, Emile
_9107305
245 _aFlemish painting /
_cEmile Cammaerts
260 _aLondon
_bAvalon press
_c1946
300 _a31pages
505 _aContents not Available
942 _2ddc
_cBK
_k750,CAM
999 _c193956
_d193956